| 000 | 00957nam a22003257a 4500 | ||
|---|---|---|---|
| 005 | 20250819190533.0 | ||
| 008 | 160229b xxu||||| |||| 00| 0 spa d | ||
| 020 | _a9788497686150 | ||
| 041 | _aEspañol | ||
| 082 | _a345.06 M779v | ||
| 100 |
_aMontesinos García, Ana _95687 |
||
| 245 | _aLa videoconferencia como instrumento probatorio en el proceso penal | ||
| 260 | _aEspaña | ||
| 260 | _bMarcial Pons | ||
| 260 | _c2009 | ||
| 300 | _a191 páginas | ||
| 490 | _aInvestigación Criminal | ||
| 650 | _aDERECHO PROCESAL | ||
| 650 | _aNUEVAS TECNOLOGÍAS EN EL DERECHO | ||
| 650 | _aVIDEOCONFERENCIA | ||
| 650 | _aRÉGIMEN JURÍDICO | ||
| 650 | _aPRUEBAS POR VIDEOCONFERENCIA | ||
| 650 | _aPRUEBA TESTIFICAL | ||
| 650 | _aPRUEBA PERICIAL | ||
| 650 | _aDECLARACIÓN DEL IMPUTADO | ||
| 650 | _aRECONOCIMIENTO JUDICIAL | ||
| 650 | _aTRATAMIENTO DE LA VIDEOCONFERENCIA | ||
| 650 | _aASPECTOS DE PROCEDIMIENTOS | ||
| 942 |
_cBK _2ddc |
||
| 999 |
_c7729 _d7729 |
||